La bachué de Rómulo Rozo: (Record no. 1620)

MARC details
000 -LEADER
campo de control de longitud fija 00523nam a2200145 4500
008 - DATOS DE LONGITUD FIJA--INFORMACIÓN GENERAL
campo de control de longitud fija 730.986.1 M491b
020 ## - NÚMERO INTERNACIONAL ESTÁNDAR DEL LIBRO
Número Internacional Estándar del Libro 9789585767119
082 ## - NÚMERO DE LA CLASIFICACIÓN DECIMAL DEWEY
Número de clasificación 730.986.1
Número de ítem M491b
100 ## - ENTRADA PRINCIPAL--NOMBRE DE PERSONA
Nombre de persona Rozo, Rómulo
9 (RLIN) 6688
245 ## - MENCIÓN DEL TÍTULO
Título La bachué de Rómulo Rozo:
Resto del título un ícono del arte moderno colombiano
260 ## - PUBLICACIÓN, DISTRIBUCIÓN, ETC.
Lugar de publicación, distribución, etc. Colombia
Nombre del editor, distribuidor, etc. Fundación Proyecto Bachué
Fecha de publicación, distribución, etc. 2013
300 ## - DESCRIPCIÓN FÍSICA
Extensión 197 p.
Otras características físicas ill (col)
Dimensiones 29 x 24.5 cm
650 ## - PUNTO DE ACCESO ADICIONAL DE MATERIA--TÉRMINO DE MATERIA
Subdivisión general arte - escultura
-- Colombia
-- escultura - colecciones
-- Rozo, Rómulo, 1899-1964
9 (RLIN) 6691
700 ## - ENTRADA AGREGADA--NOMBRE PERSONAL
Nombre de persona Padilla, Christian (edición)
9 (RLIN) 6692
Holdings
Estatus retirado Estado de pérdida Fuente del sistema de clasificación o colocación Estado de daño No para préstamo Biblioteca de origen Biblioteca actual Ubicación en estantería Fecha de adquisición Total de préstamos Signatura topográfica completa Código de barras Visto por última vez Precio de reemplazo Tipo de ítem Koha
    Clasificación Decimal Dewey     Biblioteca LadoV Biblioteca LadoV   13/09/2018   730.986.1 M491b 002287 13/09/2018 13/09/2018 Material 01